The Rookie General Quiz - Easy Level - Statistics

General Stats
  • This quiz has been taken 166 times
    165 since last reset
  • The average score is 5 of 10
Answer Stats
Question Answer % Correct
2. What is the last name of the Watch Commander in S1? Grey
89%
1. What is the first name of the training officer of John Nolan in S1? Talia
80%
5. What is the name of Timothy Bradford's ex-wife? Isabel
69%
7. What nickname does Nyla Harper give to Lucy Chen? Not Nolan
62%
8. What nickname does Nyla Harper give Aaron Thorsen? Five Minutes | 5 Minutes
57%
3. What does John Nolan offer the bride who climbs the Hollywood sign to come down? A lottery ticket
51%
10. What is the full official name of La Fiera? Sandra de La Cruz
39%
6. What nickname does Nyla Harper give to John Nolan? Five Percent | 5 Percent
33%
9. What is the rank of Bailey Nune in the army reserve? 1st Lieutenant
9%
4. What does "Boot" mean (as in when officers call rookies "Boot") Barely Out Of Training
4%
No matching quizzes found
Score Distribution
Percent of People with Each Score
Percentile by Number Answered
Your Score History
You have not taken this quiz since the last reset